000 nam a22 7a 4500
999 _c129498
_d129498
008 190430b xxu||||| |||| 00| 0 eng d
050 _aBV212.D71 1982
100 _aDally, Gabriel
_946082
245 _aAsking the father
_c/ by Gabriel Daly
260 _aDublin:
_bMichael Glazier,
_c1982.
300 _a120p. ;
_c21cm.
440 _aWays of prayer series
_pvol.4
_x0-89453-282-0
_946083
650 _aPrayer
_946084
942 _2lcc
_cMONOGRAPH